000 03280nam0a2200385 4500
001 RU\NLR\BIBL_A\011320456
005 20260405160402.0
010 _a978-5-9710-4210-5
021 _aRU
_b2016-102340
_96815
035 _a(NLR Aleph) 011320456
090 _a11074849
_c11074849
100 _a20170203d2016 |||y0rusy50 ca
101 0 _arus
102 _aRU
105 _ay|||z|||000zy
200 1 _aРусская историческая география
_eмордва
_eс приложением работ "Погребальные маски, их употребление и значение" и "Черемисская секта кугу сорта. Опыт исследования религиозных движений среди поволжских инородцев"
_fС.К. Кузнецов
205 _a[Репр. по изданиям: Русская историческая география. Вып. 2: Мурома. Москва, 1912; Погребальные маски, их употребление и значение". Казань, 1906; Черемисская секта кугу сорта. Опыт исследования религиозных движений среди поволжских инородцев. Москва, 1909]
210 _aМосква
_cURSS
_cЛЕНАНД
_d2016
_d(макет 2017)
215 _a178, [2] с.
_d22
225 1 _aАкадемия фундаментальных исследований: этнология
300 _aНа 4-й с. обл. авт.: С.К. Кузнецов, историк, археолог, этнограф
320 _aБиблиогр. в подстроч. примеч.
455 0 _12001#$aРусская историческая география$hвып. 2$iМордва
_1210##$aМосква$cПечатня А.И. Снегирёвой$d1912
_tРусская историческая география
455 0 _12001#$aПогребальные маски, их употребление и значение
_1210##$aКазань$cТиполитография Императорского университета$d1906
_tПогребальные маски, их употребление и значение
455 0 _12001#$aЧеремисская секта кугу сорта. Опыт исследования религиозных движений среди поволжских инородцев
_1210##$aМосква$cТипография Императорского Московского университета$d1909
_tЧеремисская секта кугу сорта. Опыт исследования религиозных движений среди поволжских инородцев
606 1 _aМордва
_xЭтнографические исследования
_91645622
_3RU\NLR\AUTH\66728067
606 1 _aРелигия
_xМарийцы
_92094324
_3RU\NLR\AUTH\661267305
686 1 _aТ52(235=Мо)
686 2 _aЭ319.1(235=М)
700 1 _8rus
_7ca
_aКузнецов
_bС. К.
_cэтнограф и археолог
_f1854-1913
_gСтефан Кирович
_3RU\NLR\AUTH\7767030
_949958
942 _cBOOK
980 _aNB